Secularización y cristianismo / (Record no. 134408)

MARC details
000 -LEADER
campo de control de longitud fija 00784nam a2200241 i 4500
001 - NÚMERO DE CONTROL
campo de control 134408
003 - IDENTIFICADOR DE NÚMERO DE CONTROL
campo de control ES-MaACL
005 - FECHA Y HORA DE LA ÚLTIMA TRANSACCIÓN
campo de control 20250831084819.0
007 - CAMPO FIJO DE DESCRIPCIÓN FÍSICA--INFORMACIÓN GENERAL
campo de control de longitud fija t|
008 - DATOS DE LONGITUD FIJA--INFORMACIÓN GENERAL
campo de control de longitud fija 070910s1969 sp ||||1| spa d
100 1# - ENTRADA PRINCIPAL--NOMBRE DE PERSONA
Nombre de persona Xirinacs, Lluís M.
9 (RLIN) 117520
245 10 - MENCIÓN DEL TÍTULO
Título Secularización y cristianismo /
Mención de responsabilidad, etc. Luis M. Xirinacs ; [versión castellana de Lluis Riera].
250 ## - MENCION DE EDICION
Mención de edición [1ª ed.].
260 ## - PUBLICACIÓN, DISTRIBUCIÓN, ETC.
Lugar de publicación, distribución, etc. Barcelona :
Nombre del editor, distribuidor, etc. Nova Terra,
Fecha de publicación, distribución, etc. [1969]
300 ## - DESCRIPCIÓN FÍSICA
Extensión 199 p. ;
Dimensiones 20 cm.
490 1# - MENCIÓN DE SERIE
Mención de serie Colección "El hombre nuevo" ;
Designación de volumen o secuencia 39
650 17 - PUNTO DE ACCESO ADICIONAL DE MATERIA--TÉRMINO DE MATERIA
Término de materia o nombre geográfico como elemento de entrada Cristianismo
Fuente del encabezamiento o término embne
9 (RLIN) 11425
650 17 - PUNTO DE ACCESO ADICIONAL DE MATERIA--TÉRMINO DE MATERIA
Término de materia o nombre geográfico como elemento de entrada Secularización (Teología)
Fuente del encabezamiento o término embne
9 (RLIN) 17005
700 1# - ENTRADA AGREGADA--NOMBRE PERSONAL
Nombre de persona Riera, Luis.
9 (RLIN) 97111
830 00 - PUNTO DE ACCESO ADICIONAL DE SERIE-TÍTULO UNIFORME
Título uniforme Colección hombre nuevo
Designación de volumen o secuencia 39
9 (RLIN) 182261
852 ## - LOCALIZACIÓN
Ubicación ES-MaACL
Número de control de estantería C-50351
Sublocalización o colección R.71462
Holdings
Estatus retirado Estado de pérdida Estado de daño No para préstamo Biblioteca de origen Biblioteca actual Ubicación en estantería Fecha de adquisición Fuente de adquisición Total de préstamos Signatura topográfica completa Código de barras Visto por última vez Precio de reemplazo Tipo de ítem Koha
        Biblioteca del Ateneo de Madrid Biblioteca del Ateneo de Madrid Depósito 2 17/01/2008     C-50351 1139905 23/02/2023 23/02/2023 Libro impreso